000 00337 a2200157 4500
001 59763
020 _a3505120995
040 _cAnchieta - Pituba
100 _aCaspari, Tina
240 1 0 _aBille & zottel
_lpor
245 1 0 _aBille & zottel
300 _a381
362 0 _a2004
650 4 _aLiteratura juvenil em alemão
942 _cBK
999 _c59763
_d59763